<?xml version="1.0" encoding="UTF-8"?>
<record
    xmlns:xsi="http://www.w3.org/2001/XMLSchema-instance"
    xsi:schemaLocation="http://www.loc.gov/MARC21/slim http://www.loc.gov/standards/marcxml/schema/MARC21slim.xsd"
    xmlns="http://www.loc.gov/MARC21/slim">

  <leader>00373    a2200133   4500</leader>
  <controlfield tag="005">20260429104949.0</controlfield>
  <datafield tag="020" ind1=" " ind2=" ">
    <subfield code="a">9788196334161</subfield>
  </datafield>
  <datafield tag="100" ind1=" " ind2=" ">
    <subfield code="a">RAYMONT,T</subfield>
  </datafield>
  <datafield tag="245" ind1=" " ind2=" ">
    <subfield code="a">The principles of Education</subfield>
  </datafield>
  <datafield tag="260" ind1=" " ind2=" ">
    <subfield code="a">University college of south wales and Monmouthshire,cardiff</subfield>
    <subfield code="b">ARJUN PUBLISHING HOUSE</subfield>
    <subfield code="c">2026</subfield>
  </datafield>
  <datafield tag="300" ind1=" " ind2=" ">
    <subfield code="a">vii,381p,</subfield>
    <subfield code="b">Idex</subfield>
    <subfield code="c">21.5cm</subfield>
  </datafield>
  <datafield tag="700" ind1=" " ind2=" ">
    <subfield code="a">M,A</subfield>
  </datafield>
  <datafield tag="942" ind1=" " ind2=" ">
    <subfield code="2">ddc</subfield>
    <subfield code="c">BKS</subfield>
  </datafield>
  <datafield tag="999" ind1=" " ind2=" ">
    <subfield code="c">6874</subfield>
    <subfield code="d">6874</subfield>
  </datafield>
  <datafield tag="952" ind1=" " ind2=" ">
    <subfield code="r">2026-04-29 10:59:46</subfield>
    <subfield code="l">0</subfield>
    <subfield code="o">370.95 RAY</subfield>
    <subfield code="p">MBY0001187</subfield>
    <subfield code="v">278208.00</subfield>
    <subfield code="w">2026-04-29</subfield>
    <subfield code="y">BKS</subfield>
    <subfield code="1">0</subfield>
    <subfield code="2">ddc</subfield>
    <subfield code="4">0</subfield>
    <subfield code="7">0</subfield>
    <subfield code="0">0</subfield>
    <subfield code="a">002</subfield>
    <subfield code="b">002</subfield>
    <subfield code="c">SPECIAL</subfield>
    <subfield code="d">2026-04-27</subfield>
    <subfield code="e">PURCHASE</subfield>
    <subfield code="g">92736.00</subfield>
  </datafield>
  <datafield tag="952" ind1=" " ind2=" ">
    <subfield code="r">2026-04-29 10:59:46</subfield>
    <subfield code="l">0</subfield>
    <subfield code="o">370.95 RAY</subfield>
    <subfield code="p">MBY0001188</subfield>
    <subfield code="v">278208.00</subfield>
    <subfield code="w">2026-04-29</subfield>
    <subfield code="y">BKS</subfield>
    <subfield code="1">0</subfield>
    <subfield code="2">ddc</subfield>
    <subfield code="4">0</subfield>
    <subfield code="7">0</subfield>
    <subfield code="0">0</subfield>
    <subfield code="a">002</subfield>
    <subfield code="b">002</subfield>
    <subfield code="d">2026-04-27</subfield>
    <subfield code="e">PURCHASE</subfield>
    <subfield code="g">92736.00</subfield>
  </datafield>
  <datafield tag="952" ind1=" " ind2=" ">
    <subfield code="r">2026-04-29 10:59:46</subfield>
    <subfield code="l">0</subfield>
    <subfield code="o">370.95 RAY</subfield>
    <subfield code="p">MBY0001189</subfield>
    <subfield code="v">278208.00</subfield>
    <subfield code="w">2026-04-29</subfield>
    <subfield code="y">BKS</subfield>
    <subfield code="1">0</subfield>
    <subfield code="2">ddc</subfield>
    <subfield code="4">0</subfield>
    <subfield code="7">0</subfield>
    <subfield code="0">0</subfield>
    <subfield code="a">002</subfield>
    <subfield code="b">002</subfield>
    <subfield code="d">2026-04-27</subfield>
    <subfield code="e">PURCHASE</subfield>
    <subfield code="g">92736.00</subfield>
  </datafield>
</record>
